[Event "Tenerife-chT Primera"]
[Site "Tenerife"]
[Date "2023.03.25"]
[Round "9.3"]
[White "Pereda de Pablo, Ernesto"]
[Black "Mirge Ramirez, Ana Maria"]
[Result "1-0"]
[WhiteElo "2057"]
[BlackElo "1183"]
[PlyCount "41"]
[EventDate "2023.01.14"]
[EventType "team-tourn"]
[EventRounds "14"]
[EventCountry "ESP"]
[SourceTitle "EXT 2024"]
[Source "ChessBase"]
[SourceDate "2023.10.10"]
[SourceVersion "1"]
[SourceVersionDate "2023.10.10"]
[SourceQuality "1"]
[WhiteTeam "Ebano Barrio Nuevo II"]
[BlackTeam "Fundacion La Caja de Canarias"]
[WhiteTeamCountry "ESP"]
[BlackTeamCountry "ESP"]

1. d4 d5 2. Nf3 Nf6 3. c4 Bf5 4. Nc3 e6 5. Qb3 Nc6 6. Bg5 Bd6 7. cxd5 Nb4 8. e4 Bxe4 9. Nxe4 Nbxd5 10. Nxf6+ gxf6 11. Bd2 a6 12. Bc4 Ne7 13. 0-0 c6 14. Rfe1 Rg8 15. Bb4 Bc7 16. Bxe6 Rg7 17. Bh3 Qb8 18. Bxe7 Bxh2+ 19. Nxh2 Qf4 20. Bd6+ Kd8 21. Qb6# 1-0

[Event "Tenerife-chT Preferente"]
[Site "Tenerife"]
[Date "2022.04.23"]
[Round "9.4"]
[White "Pereda de Pablo, Ernesto"]
[Black "Aguirre Lorenzo, Luis Francisco"]
[Result "1-0"]
[WhiteElo "2079"]
[BlackElo "1859"]
[PlyCount "115"]
[EventDate "2022.01.29"]
[EventType "team-tourn"]
[EventRounds "14"]
[EventCountry "ESP"]
[SourceTitle "EXT 2024"]
[Source "ChessBase"]
[SourceDate "2023.10.10"]
[SourceVersion "1"]
[SourceVersionDate "2023.10.10"]
[SourceQuality "1"]
[WhiteTeam "Ebano Barrio Nuevo"]
[BlackTeam "Circulo de Amistad XII Enero"]
[WhiteTeamCountry "ESP"]
[BlackTeamCountry "ESP"]

1. d4 Nf6 2. Nf3 g6 3. c4 Bg7 4. g3 0-0 5. Bg2 d6 6. 0-0 Nbd7 7. Nc3 c6 8. e4 e5 9. h3 Re8 10. Be3 exd4 11. Nxd4 Nc5 12. Qc2 a5 13. Rfe1 Ne6 14. Rad1 Nxd4 15. Bxd4 Qe7 16. Qd2 Be6 17. b3 Ra6 18. Nd5 cxd5 19. exd5 Qc7 20. dxe6 fxe6 21. Bxf6 Bxf6 22. Rxe6 Rxe6 23. Bd5 Qe7 24. Re1 Be5 25. f4 Kg7 26. Bxe6 Qxe6 27. fxe5 dxe5 28. Qc3 Qf6 29. Qxe5 Qxe5 30. Rxe5 Kf6 31. Rb5 Ra7 32. Kf2 Ke6 33. Ke3 Kd6 34. Kd4 Kc6 35. Rc5+ Kd6 36. Rd5+ Kc6 37. Re5 Kd7 38. h4 b6 39. h5 Kd6 40. hxg6 hxg6 41. Rg5 Rg7 42. a3 Kc6 43. b4 axb4 44. axb4 Rd7+ 45. Rd5 Rf7 46. b5+ Kc7 47. c5 bxc5+ 48. Rxc5+ Kb7 49. Rc6 Rf5 50. Rc5 Rf3 51. Rg5 Rf6 52. Kc5 Kc7 53. g4 Kb7 54. Re5 Kc7 55. Re7+ Kb8 56. Rg7 Kc8 57. b6 Re6 58. Kb5 1-0

[Event "Tenerife-chT Preferente"]
[Site "Tenerife"]
[Date "2022.03.26"]
[Round "7.4"]
[White "Pereda de Pablo, Ernesto"]
[Black "Baskewitsch, Pierre"]
[Result "0-1"]
[WhiteElo "2079"]
[BlackElo "1873"]
[PlyCount "58"]
[EventDate "2022.01.29"]
[EventType "team-tourn"]
[EventRounds "14"]
[EventCountry "ESP"]
[SourceTitle "EXT 2024"]
[Source "ChessBase"]
[SourceDate "2023.10.10"]
[SourceVersion "1"]
[SourceVersionDate "2023.10.10"]
[SourceQuality "1"]
[WhiteTeam "Ebano Barrio Nuevo"]
[BlackTeam "Rey Ahogado"]
[WhiteTeamCountry "ESP"]
[BlackTeamCountry "ESP"]

1. d4 d5 2. Nf3 c6 3. c4 Nf6 4. Nc3 Bg4 5. Ne5 Bf5 6. Qb3 Qb6 7. c5 Qxb3 8. axb3 Na6 9. Nxc6 Nxc5 10. dxc5 bxc6 11. Bf4 e5 12. Bxe5 Bxc5 13. e3 a5 14. Rc1 Bb4 15. Be2 Nd7 16. Bxg7 Rg8 17. Bh6 Rxg2 18. Bf4 Rg6 19. Bh5 Re6 20. Rg1 Bg6 21. Bg4 f5 22. Bd1 d4 23. Bf3 dxc3 24. bxc3 Be7 25. Ke2 Nc5 26. b4 axb4 27. cxb4 Ra2+ 28. Kd1 Ne4 29. Bxe4 Rxe4 0-1

[Event "Tenerife-chT Preferente"]
[Site "Tenerife"]
[Date "2021.05.08"]
[Round "5.2"]
[White "Pereda de Pablo, Ernesto"]
[Black "Abreu Suarez, Isauro"]
[Result "1/2-1/2"]
[WhiteElo "2100"]
[BlackElo "2004"]
[PlyCount "42"]
[EventDate "2021.02.27"]
[EventType "team-tourn"]
[EventRounds "14"]
[EventCountry "ESP"]
[SourceTitle "EXT 2023"]
[Source "ChessBase"]
[SourceDate "2022.10.05"]
[SourceVersion "1"]
[SourceVersionDate "2022.10.05"]
[SourceQuality "1"]
[WhiteTeam "Ebano Barrio Nuevo"]
[BlackTeam "Canarias 64"]
[WhiteTeamCountry "ESP"]
[BlackTeamCountry "ESP"]

1. d4 c5 2. d5 Nf6 3. Nc3 e6 4. e4 d6 5. Bb5+ Bd7 6. a4 exd5 7. Nxd5 Nxd5 8. exd5 Be7 9. Ne2 0-0 10. Bd3 Bg4 11. 0-0 Nd7 12. f3 Bh5 13. Ng3 Bg6 14. f4 Bxd3 15. Qxd3 Re8 16. Bd2 Qc7 17. c4 Bf6 18. Bc3 Bxc3 19. Qxc3 Nf6 20. Rae1 Qd7 21. b3 b6 1/2-1/2

[Event "Tenerife-chT Preferente"]
[Site "Tenerife"]
[Date "2021.02.27"]
[Round "1.2"]
[White "Martin Hernandez, Jonas David"]
[Black "Pereda de Pablo, Ernesto"]
[Result "1/2-1/2"]
[WhiteElo "1881"]
[BlackElo "2100"]
[PlyCount "52"]
[EventDate "2021.02.27"]
[EventType "team-tourn"]
[EventRounds "14"]
[EventCountry "ESP"]
[SourceTitle "EXT 2023"]
[Source "ChessBase"]
[SourceDate "2022.10.05"]
[SourceVersion "1"]
[SourceVersionDate "2022.10.05"]
[SourceQuality "1"]
[WhiteTeam "Piratas La Orotava"]
[BlackTeam "Ebano Barrio Nuevo"]
[WhiteTeamCountry "ESP"]
[BlackTeamCountry "ESP"]

1. e4 c5 2. Nc3 Nc6 3. f4 d6 4. Nf3 g6 5. Bb5 Bg7 6. Bxc6+ bxc6 7. d3 Nf6 8. 0-0 0-0 9. Qe1 Bg4 10. Nh4 Bd7 11. h3 Be8 12. Nf3 Nd7 13. Bd2 Rb8 14. b3 e6 15. Qg3 f6 16. Rae1 Bf7 17. Na4 Kh8 18. c4 Qe7 19. Bc3 e5 20. Bd2 Be6 21. fxe5 fxe5 22. Bg5 Bf6 23. Bh6 Bg7 24. Bg5 Bf6 25. Bh6 Bg7 26. Bg5 Bf6 1/2-1/2

[Event "Tenerife-chT Preferente 1920"]
[Site "Tenerife"]
[Date "2020.01.25"]
[Round "5.1"]
[White "Hernandez Leon, Alberto"]
[Black "Pereda de Pablo, Ernesto"]
[Result "1/2-1/2"]
[WhiteElo "2319"]
[BlackElo "2095"]
[PlyCount "73"]
[EventDate "2019.11.30"]
[EventType "team-tourn"]
[EventRounds "14"]
[EventCountry "ESP"]
[SourceTitle "CBM 195 Extra"]
[Source "ChessBase"]
[SourceDate "2020.05.31"]
[SourceVersion "1"]
[SourceVersionDate "2020.05.31"]
[SourceQuality "1"]
[WhiteTeam "Ebano Barrio Nuevo"]
[BlackTeam "Laguna Cotelec"]
[WhiteTeamCountry "ESP"]
[BlackTeamCountry "ESP"]

1. d4 Nf6 2. c4 e6 3. Nf3 Bb4+ 4. Nbd2 0-0 5. a3 Bxd2+ 6. Bxd2 a5 7. Qc2 d6 8. g3 b6 9. Bg2 Bb7 10. Bg5 Nbd7 11. 0-0 h6 12. Bxf6 Nxf6 13. b4 Be4 14. Qc3 Qe7 15. Rfd1 Rfe8 16. Ne1 Bxg2 17. Nxg2 e5 18. Ne3 exd4 19. Qxd4 Qe5 20. Qxe5 Rxe5 21. Kf1 Re4 22. Rac1 axb4 23. axb4 Ra4 24. b5 Ra2 25. h3 Re8 26. Ra1 Rea8 27. Rxa2 Rxa2 28. f3 g6 29. h4 h5 30. Rd4 Kf8 31. Kf2 Ra4 32. g4 hxg4 33. fxg4 d5 34. g5 Ne4+ 35. Kf3 Nd6 36. Nxd5 Nxb5 37. Rf4 1/2-1/2

[Event "Tenerife-chT Preferente 1819"]
[Site "Tenerife"]
[Date "2019.02.16"]
[Round "8.1"]
[White "Hernandez Leon, Alberto"]
[Black "Pereda de Pablo, Ernesto"]
[Result "1/2-1/2"]
[WhiteElo "2239"]
[BlackElo "2100"]
[PlyCount "39"]
[EventDate "2018.11.24"]
[EventType "team-tourn"]
[EventRounds "14"]
[EventCountry "ESP"]
[SourceTitle "CBM 189 Extra"]
[Source "ChessBase"]
[SourceDate "2019.06.03"]
[SourceVersion "1"]
[SourceVersionDate "2019.06.03"]
[SourceQuality "1"]
[WhiteTeam "Ebano Barrio Nuevo"]
[BlackTeam "Laguna Cotelec"]
[WhiteTeamCountry "ESP"]
[BlackTeamCountry "ESP"]

1. Nf3 Nf6 2. c4 e6 3. g3 c5 4. Bg2 Nc6 5. 0-0 Be7 6. Nc3 a6 7. d4 cxd4 8. Nxd4 Qc7 9. b3 d6 10. Bb2 Bd7 11. Rc1 Ne5 12. h3 Rc8 13. e4 Qa5 14. a4 0-0 15. Kh2 Rfd8 16. f4 Nc6 17. Nde2 Nb4 18. Nd4 Nc6 19. Nde2 Nb4 20. Nd4 1/2-1/2

[Event "Tenerife-chT Preferente 1819"]
[Site "Tenerife"]
[Date "2018.12.01"]
[Round "2.1"]
[White "Gonzalez Garcia, Zoilo"]
[Black "Pereda de Pablo, Ernesto"]
[Result "0-1"]
[WhiteElo "2086"]
[BlackElo "2100"]
[PlyCount "52"]
[EventDate "2018.11.24"]
[EventType "team-tourn"]
[EventRounds "14"]
[EventCountry "ESP"]
[SourceTitle "CBM 189 Extra"]
[Source "ChessBase"]
[SourceDate "2019.06.03"]
[SourceVersion "1"]
[SourceVersionDate "2019.06.03"]
[SourceQuality "1"]
[WhiteTeam "El Sauzal Libreria Barco"]
[BlackTeam "Laguna Cotelec"]
[WhiteTeamCountry "ESP"]
[BlackTeamCountry "ESP"]

1. e4 c5 2. Ne2 Nc6 3. Nbc3 Nf6 4. g3 g6 5. Bg2 Bg7 6. 0-0 0-0 7. d3 d6 8. h3 Rb8 9. a4 a6 10. f4 Ne8 11. Be3 Nd4 12. Qd2 e6 13. a5 b6 14. axb6 Rxb6 15. Na4 Rb8 16. Ra2 Bd7 17. b3 Nc7 18. e5 Bxa4 19. exd6 Nxe2+ 20. Qxe2 Nb5 21. Rxa4 Nc3 22. Qf2 Nxa4 23. bxa4 Qxd6 24. Bxc5 Qd7 25. Kh2 Rfc8 26. a5 Rb2 0-1

[Event "Tenerife-chT Preferente 1718"]
[Site "Tenerife"]
[Date "2018.03.17"]
[Round "13.3"]
[White "Pereda de Pablo, Ernesto"]
[Black "Abreu Suarez, Isauro"]
[Result "1/2-1/2"]
[WhiteElo "2111"]
[BlackElo "2003"]
[PlyCount "30"]
[EventDate "2017.11.11"]
[EventType "team-tourn"]
[EventRounds "14"]
[EventCountry "ESP"]
[SourceTitle "EXT 2019"]
[Source "ChessBase"]
[SourceDate "2018.10.10"]
[SourceVersion "1"]
[SourceVersionDate "2018.10.10"]
[SourceQuality "1"]
[WhiteTeam "Laguna Cotelec"]
[BlackTeam "Canarias 64"]
[WhiteTeamCountry "ESP"]
[BlackTeamCountry "ESP"]

1. d4 Nf6 2. Nf3 c5 3. d5 e6 4. c4 b5 5. dxe6 fxe6 6. cxb5 Bb7 7. Nbd2 a6 8. e3 Be7 9. Qc2 0-0 10. Be2 axb5 11. Bxb5 Na6 12. 0-0 Nb4 13. Qb1 Qb8 14. a3 Bxf3 15. Nxf3 Qxb5 1/2-1/2

[Event "Tenerife-chT Preferente 1718"]
[Site "Tenerife"]
[Date "2018.03.03"]
[Round "11.3"]
[White "Pereda de Pablo, Ernesto"]
[Black "Schneider Sanchez, Carlos Domingo"]
[Result "1/2-1/2"]
[WhiteElo "2111"]
[BlackElo "2005"]
[PlyCount "45"]
[EventDate "2017.11.11"]
[EventType "team-tourn"]
[EventRounds "14"]
[EventCountry "ESP"]
[SourceTitle "EXT 2019"]
[Source "ChessBase"]
[SourceDate "2018.10.10"]
[SourceVersion "1"]
[SourceVersionDate "2018.10.10"]
[SourceQuality "1"]
[WhiteTeam "Laguna Cotelec"]
[BlackTeam "Rey Ahogado"]
[WhiteTeamCountry "ESP"]
[BlackTeamCountry "ESP"]

1. d4 d5 2. Nf3 Nf6 3. c4 e6 4. Nc3 Be7 5. g3 0-0 6. Bg2 dxc4 7. Ne5 Nc6 8. Nxc6 bxc6 9. Bxc6 Rb8 10. 0-0 Bb7 11. Qa4 Qxd4 12. Be3 Qg4 13. f3 Qh3 14. Bxa7 Bd6 15. Rf2 Bxc6 16. Qxc6 Rxb2 17. Qxc4 h5 18. e4 Rxf2 19. Bxf2 h4 20. Qf1 Qxf1+ 21. Rxf1 hxg3 22. Bxg3 Bb4 23. Rc1 1/2-1/2

[Event "Tenerife-chT Preferente 1718"]
[Site "Tenerife"]
[Date "2018.02.24"]
[Round "10.2"]
[White "Alvarez Alonso, Alberto"]
[Black "Pereda de Pablo, Ernesto"]
[Result "1/2-1/2"]
[WhiteElo "2022"]
[BlackElo "2111"]
[PlyCount "62"]
[EventDate "2017.11.11"]
[EventType "team-tourn"]
[EventRounds "14"]
[EventCountry "ESP"]
[SourceTitle "EXT 2019"]
[Source "ChessBase"]
[SourceDate "2018.10.10"]
[SourceVersion "1"]
[SourceVersionDate "2018.10.10"]
[SourceQuality "1"]
[WhiteTeam "Al Shah Mat Los Realejos"]
[BlackTeam "Laguna Cotelec"]
[WhiteTeamCountry "ESP"]
[BlackTeamCountry "ESP"]

1. e4 c5 2. Nf3 e6 3. d4 cxd4 4. Nxd4 Nc6 5. Nc3 Qc7 6. Be2 a6 7. 0-0 Nf6 8. Be3 Bb4 9. f3 0-0 10. Nxc6 bxc6 11. Qd4 Rb8 12. Rfd1 d5 13. exd5 cxd5 14. Bf4 Bd6 15. Bxd6 Qxd6 16. Ne4 Nxe4 17. fxe4 Rb4 18. c4 Qb8 19. exd5 exd5 20. b3 dxc4 21. Bxc4 Be6 22. a3 Rb6 23. Bxe6 Rxe6 24. Rd3 Rfe8 25. Rf1 Re1 26. Rxe1 Rxe1+ 27. Kf2 Qe8 28. Re3 Rxe3 29. Qxe3 Qc6 30. b4 g6 31. h3 h5 1/2-1/2

[Event "Tenerife-chT Preferente 1617"]
[Site "Tenerife"]
[Date "2017.04.22"]
[Round "13.1"]
[White "Pereda de Pablo, Ernesto"]
[Black "Kosov, Alexey"]
[Result "0-1"]
[WhiteElo "2100"]
[BlackElo "2176"]
[PlyCount "98"]
[EventDate "2016.12.10"]
[EventType "team-tourn"]
[EventRounds "14"]
[EventCountry "ESP"]
[SourceTitle "EXT 2018"]
[Source "ChessBase"]
[SourceDate "2017.10.13"]
[SourceVersion "1"]
[SourceVersionDate "2017.10.13"]
[SourceQuality "1"]
[WhiteTeam "Laguna Cotelec"]
[BlackTeam "El Sauzal"]
[WhiteTeamCountry "ESP"]
[BlackTeamCountry "ESP"]

1. d4 g6 2. Nf3 Bg7 3. c4 d6 4. g3 c5 5. Bg2 Nc6 6. d5 Na5 7. 0-0 Rb8 8. Qc2 a6 9. a4 Nf6 10. e4 0-0 11. Bd2 e6 12. Bc3 e5 13. Nbd2 b6 14. Ne1 Nb7 15. Nd3 Bd7 16. f4 Ng4 17. Rae1 f6 18. h3 Nh6 19. b3 Qe7 20. Kh2 Kh8 21. Nf3 Nf7 22. Rf2 Ra8 23. Rff1 Rfc8 24. Nf2 b5 25. axb5 axb5 26. Ra1 Qd8 27. h4 Nh6 28. fxe5 dxe5 29. Qb2 Nd6 30. cxb5 Nxb5 31. Bd2 Ng4+ 32. Nxg4 Bxg4 33. Be3 Bxf3 34. Bxf3 Nd4 35. Bg4 Rxa1 36. Rxa1 Rb8 37. Bxd4 exd4 38. Ra7 Qb6 39. Qa2 h5 40. Be6 d3 41. Ra8 Kh7 42. d6 Rxa8 43. Qxa8 Qxd6 44. Bg8+ Kh6 45. Bd5 Qe5 46. Qa2 Qc3 47. b4 Qxb4 48. Bc4 d2 49. Qc2 d1Q 0-1

[Event "Tenerife-chT Preferente 1617"]
[Site "Tenerife"]
[Date "2017.01.28"]
[Round "5.1"]
[White "Pereda de Pablo, Ernesto"]
[Black "Lopez Pereyra, Antonio"]
[Result "0-1"]
[WhiteElo "2100"]
[BlackElo "2122"]
[PlyCount "74"]
[EventDate "2016.12.10"]
[EventType "team-tourn"]
[EventRounds "14"]
[EventCountry "ESP"]
[SourceTitle "CBM 176 Extra"]
[Source "ChessBase"]
[SourceDate "2017.03.02"]
[SourceVersion "1"]
[SourceVersionDate "2017.03.02"]
[SourceQuality "1"]
[WhiteTeam "Laguna Cotelec"]
[BlackTeam "Al Shah Mat Los Realejos II"]
[WhiteTeamCountry "ESP"]
[BlackTeamCountry "ESP"]

1. d4 f5 2. g3 Nf6 3. Bg2 g6 4. Nf3 Bg7 5. 0-0 0-0 6. c4 d6 7. Nc3 Nc6 8. d5 Na5 9. Qa4 c5 10. Nd2 Bd7 11. Qc2 a6 12. b3 Rb8 13. Bb2 b5 14. Rab1 Qc7 15. e4 bxc4 16. bxc4 Ng4 17. Nd1 Bxb2 18. Rxb2 f4 19. Rxb8 Qxb8 20. Nb2 fxg3 21. hxg3 Qe8 22. Qc3 Nb7 23. f3 Ne5 24. f4 Ng4 25. Nf3 Qd8 26. Rb1 Qa5 27. Qb3 Rb8 28. Nd1 Nf6 29. Nc3 Bg4 30. e5 Nd7 31. exd6 Nxd6 32. Qxb8+ Nxb8 33. Rxb8+ Kg7 34. Rb3 Nxc4 35. Ne4 Qxa2 36. Rb7 Ne3 37. Ned2 Nxg2 0-1

[Event "Tenerife-chT Preferente 1516"]
[Site "Tenerife"]
[Date "2016.04.30"]
[Round "14.1"]
[White "Pereda de Pablo, Ernesto"]
[Black "Korneev, Svyatoslav"]
[Result "0-1"]
[WhiteElo "2108"]
[BlackElo "2162"]
[PlyCount "89"]
[EventDate "2015.12.12"]
[EventType "team-tourn"]
[EventRounds "14"]
[EventCountry "ESP"]
[SourceTitle "EXT 2017"]
[Source "ChessBase"]
[SourceDate "2016.10.25"]
[SourceVersion "1"]
[SourceVersionDate "2016.10.25"]
[SourceQuality "1"]
[WhiteTeam "Laguna Cotelec"]
[BlackTeam "El Sauzal"]
[WhiteTeamCountry "ESP"]
[BlackTeamCountry "ESP"]

1. d4 Nf6 2. Nf3 c5 3. d5 b5 4. Bg5 Qb6 5. Bxf6 Qxf6 6. c3 g6 7. e4 Qb6 8. a4 b4 9. Nbd2 Ba6 10. a5 Qb7 11. c4 Bg7 12. Qc2 0-0 13. Bd3 d6 14. 0-0 Nd7 15. Nb3 Qc7 16. Ne1 Ne5 17. f4 Nxd3 18. Nxd3 f5 19. e5 Bc8 20. e6 Ba6 21. Kh1 Bf6 22. Rf3 Kg7 23. Nf2 Rh8 24. Rg1 Rag8 25. g4 fxg4 26. Nxg4 Kf8 27. Nf2 Ke8 28. Ne4 Rf8 29. f5 Be5 30. Rgf1 Kd8 31. Ng5 h6 32. Nf7+ Rxf7 33. exf7 g5 34. f6 exf6 35. Qg6 Qe7 36. Qg8+ Qf8 37. Qg6 Bxc4 38. Qe4 Bxf1 39. Rxf1 Qxf7 40. Qc4 Rg8 41. a6 g4 42. Na5 g3 43. Nc6+ Kc7 44. Rg1 Qh5 45. Qe4 0-1

[Event "Tenerife-chT Preferente 1516"]
[Site "Tenerife"]
[Date "2016.03.12"]
[Round "10.1"]
[White "Pereda de Pablo, Ernesto"]
[Black "Fernandez Garcia, Jose Luis"]
[Result "1/2-1/2"]
[WhiteElo "2108"]
[BlackElo "2431"]
[PlyCount "48"]
[EventDate "2015.12.12"]
[EventType "team-tourn"]
[EventRounds "14"]
[EventCountry "ESP"]
[SourceTitle "EXT 2017"]
[Source "ChessBase"]
[SourceDate "2016.10.25"]
[SourceVersion "1"]
[SourceVersionDate "2016.10.25"]
[SourceQuality "1"]
[WhiteTeam "Laguna Cotelec"]
[BlackTeam "Cajacanarias"]
[WhiteTeamCountry "ESP"]
[BlackTeamCountry "ESP"]

1. d4 Nf6 2. Nf3 g6 3. c4 Bg7 4. g3 d5 5. cxd5 Nxd5 6. Bg2 Nb6 7. 0-0 Nc6 8. e3 e5 9. Nxe5 Nxe5 10. dxe5 Qxd1 11. Rxd1 Bxe5 12. Nc3 0-0 13. a4 a5 14. Nd5 Nxd5 15. Rxd5 Bg7 16. Bd2 b6 17. Rc1 Be6 18. Rb5 Rad8 19. Be1 Rd6 20. b4 axb4 21. Rxb4 c5 22. Rbb1 Rc8 23. a5 bxa5 24. Bb7 Rb8 1/2-1/2

[Event "Tenerife-chT Preferente 1516"]
[Site "Tenerife"]
[Date "2016.03.05"]
[Round "9.1"]
[White "Hidalgo Santana, Fernando"]
[Black "Pereda de Pablo, Ernesto"]
[Result "1/2-1/2"]
[WhiteElo "2201"]
[BlackElo "2108"]
[PlyCount "36"]
[EventDate "2015.12.12"]
[EventType "team-tourn"]
[EventRounds "14"]
[EventCountry "ESP"]
[SourceTitle "EXT 2017"]
[Source "ChessBase"]
[SourceDate "2016.10.25"]
[SourceVersion "1"]
[SourceVersionDate "2016.10.25"]
[SourceQuality "1"]
[WhiteTeam "Universidad"]
[BlackTeam "Laguna Cotelec"]
[WhiteTeamCountry "ESP"]
[BlackTeamCountry "ESP"]

1. g3 e5 2. Bg2 Nf6 3. c4 d5 4. cxd5 Nxd5 5. Nc3 Nb6 6. Nf3 Nc6 7. 0-0 Be7 8. d3 0-0 9. a3 Re8 10. b4 Bf8 11. Bb2 a5 12. b5 Nd4 13. Nd2 c6 14. bxc6 Nxc6 15. Nb5 a4 16. Rc1 Ra5 17. Nc3 Be6 18. Nf3 f6 1/2-1/2

[Event "Tenerife-chT Preferente"]
[Site "Tenerife"]
[Date "2015.05.02"]
[Round "11.1"]
[White "Villavicencio Martinez, Adalberto"]
[Black "Pereda de Pablo, Ernesto"]
[Result "1-0"]
[WhiteElo "2313"]
[BlackElo "2108"]
[PlyCount "59"]
[EventDate "2015.01.24"]
[EventType "swiss"]
[EventRounds "14"]
[EventCountry "ESP"]
[SourceTitle "EXT 2024"]
[Source "ChessBase"]
[SourceDate "2023.10.10"]
[SourceVersion "1"]
[SourceVersionDate "2023.10.10"]
[SourceQuality "1"]
[WhiteTeam "Canaris 64"]
[BlackTeam "Laguna Cotelec"]
[WhiteTeamCountry "ESP"]
[BlackTeamCountry "ESP"]

1. d4 Nf6 2. c4 e6 3. Nf3 Bb4+ 4. Bd2 Qe7 5. g3 0-0 6. Bg2 Nc6 7. 0-0 Bxd2 8. Qxd2 a5 9. Nc3 d6 10. Rac1 e5 11. Nd5 Qd8 12. Nxf6+ Qxf6 13. d5 Nb8 14. c5 Nd7 15. cxd6 cxd6 16. Qc3 Nc5 17. Nxe5 Na4 18. Qa3 Qxe5 19. Qxa4 Qxb2 20. Rc2 Qe5 21. Rfc1 Rd8 22. Qb5 Qe8 23. Qb6 Bf5 24. e4 Bc8 25. f4 f5 26. e5 dxe5 27. fxe5 f4 28. e6 fxg3 29. hxg3 Ra6 30. Qxd8 1-0

[Event "Tenerife-chT Preferente 1314"]
[Site "Tenerife"]
[Date "2014.03.29"]
[Round "12.1"]
[White "Pereda de Pablo, Ernesto"]
[Black "Korneev, Svyatoslav"]
[Result "1-0"]
[WhiteElo "2101"]
[BlackElo "2074"]
[PlyCount "59"]
[EventDate "2013.12.14"]
[EventType "team-tourn"]
[EventRounds "14"]
[EventCountry "ESP"]
[SourceTitle "EXT 2015"]
[Source "ChessBase"]
[SourceDate "2014.11.20"]
[SourceVersion "1"]
[SourceVersionDate "2014.11.20"]
[SourceQuality "1"]
[WhiteTeam "Laguna Cotelec"]
[BlackTeam "Piratas La Orotava"]
[WhiteTeamCountry "ESP"]
[BlackTeamCountry "ESP"]

1. d4 Nf6 2. Nf3 c5 3. d5 b5 4. Bg5 Qb6 5. Bxf6 Qxf6 6. c3 g6 7. e4 Qb6 8. Nbd2 Bg7 9. a4 b4 10. Nc4 Qb7 11. Qd2 Na6 12. Bd3 0-0 13. h4 bxc3 14. bxc3 Qb3 15. Ra3 Qb7 16. h5 Nb4 17. cxb4 cxb4 18. Rb3 Bc3 19. Rxc3 bxc3 20. Qxc3 Qc7 21. d6 Qc5 22. dxe7 Qxe7 23. Ne3 Bb7 24. hxg6 fxg6 25. Bc4+ d5 26. Nxd5 Qxe4+ 27. Ne3+ Rf7 28. Bxf7+ Kf8 29. Qc5+ Kg7 30. Rxh7+ 1-0

[Event "Tenerife-chT Preferente 1314"]
[Site "Tenerife"]
[Date "2013.12.21"]
[Round "2.2"]
[White "Saumweber, Walter"]
[Black "Pereda de Pablo, Ernesto"]
[Result "1/2-1/2"]
[WhiteElo "2099"]
[BlackElo "2101"]
[PlyCount "94"]
[EventDate "2013.12.14"]
[EventType "team-tourn"]
[EventRounds "14"]
[EventCountry "ESP"]
[SourceTitle "EXT 2015"]
[Source "ChessBase"]
[SourceDate "2014.11.20"]
[SourceVersion "1"]
[SourceVersionDate "2014.11.20"]
[SourceQuality "1"]
[WhiteTeam "El Sauzal Libreria Barco"]
[BlackTeam "Laguna Cotelec"]
[WhiteTeamCountry "ESP"]
[BlackTeamCountry "ESP"]

1. c4 e5 2. g3 Nf6 3. Bg2 d5 4. cxd5 Nxd5 5. Nf3 Nc6 6. 0-0 Nb6 7. Nc3 Be7 8. a3 0-0 9. b4 Re8 10. Rb1 Bf8 11. d3 a6 12. Ne4 Nd5 13. Bb2 f6 14. e3 Kh8 15. Qc2 Bf5 16. Rfd1 Qd7 17. Nc5 Bxc5 18. Qxc5 Nb6 19. Rbc1 Na4 20. Qc2 Nxb2 21. Qxb2 Bg4 22. Rd2 Ne7 23. Qc2 c6 24. d4 Bxf3 25. Bxf3 Rad8 26. Rcd1 exd4 27. Rxd4 Qc7 28. Kg2 Rxd4 29. Rxd4 Rd8 30. Qd3 Rxd4 31. Qxd4 Ng6 32. h4 Ne5 33. Be2 Qd7 34. Qc5 Qd8 35. f4 Nf7 36. Bc4 Nd6 37. Qd4 Qe7 38. Bd3 Nb5 39. Bxb5 axb5 40. Kf3 Kg8 41. g4 Kf7 42. h5 h6 43. e4 Qe6 44. Qd3 Ke7 45. Qe3 Qd6 46. Ke2 Qe6 47. Kf3 Qd6 1/2-1/2

[Event "Tenerife-chT"]
[Site "Tenerife"]
[Date "2013.04.13"]
[Round "11.2"]
[White "Pereda de Pablo, Ernesto"]
[Black "Perez Felipe, Marcos Adrian"]
[Result "1-0"]
[WhiteElo "2086"]
[BlackElo "2265"]
[PlyCount "47"]
[EventDate "2013.01.19"]
[EventType "team-tourn"]
[EventRounds "14"]
[EventCountry "ESP"]
[SourceTitle "EXT 2014"]
[Source "ChessBase"]
[SourceDate "2013.11.20"]
[SourceVersion "1"]
[SourceVersionDate "2013.11.20"]
[SourceQuality "1"]
[WhiteTeam "Laguna Cotelec"]
[BlackTeam "Casa de Venezuela Ebano"]
[WhiteTeamCountry "ESP"]
[BlackTeamCountry "ESP"]

1. e4 c5 2. Nf3 d6 3. d4 cxd4 4. Nxd4 e5 5. Ne2 Nf6 6. Nbc3 Be7 7. g3 0-0 8. Bg2 a6 9. a4 Qc7 10. 0-0 b6 11. h3 Bb7 12. g4 h6 13. Ng3 Re8 14. Nf5 Bf8 15. h4 d5 16. exd5 Qd7 17. Ne3 b5 18. axb5 axb5 19. Rxa8 Bxa8 20. g5 Nh7 21. Ne4 hxg5 22. hxg5 Na6 23. Qh5 g6 24. Qxh7+ 1-0